[Event "Rated Blitz game"]
[Site "?"]
[Date "2021.01.29"]
[Round "?"]
[White "MisterMarple63"]
[Black "AlaEldin"]
[Result "1-0"]
[WhiteElo "2411"]
[BlackElo "2266"]
[PlyCount "59"]
[EventDate "2021.??.??"]
[EventType "blitz"]

1. e4 e5 2. Nf3 d5 3. Nxe5 Bd6 4. d4 dxe4 5. Bf4 Nf6 6. Nc3 O-O 7. Bc4 Bb4 8.
O-O Bxc3 9. bxc3 Nd5 10. Bd2 f6 11. Ng4 Kh8 12. Bb3 b5 13. a4 c6 14. Qe2 Qe8
15. axb5 h5 16. Bxd5 cxd5 17. Ne3 Be6 18. b6 Nc6 19. bxa7 Rxa7 20. Rxa7 Nxa7
21. Qa6 Nc6 22. c4 Nxd4 23. cxd5 Bc8 24. Qc4 Qe5 25. c3 Nf3+ 26. gxf3 Qg5+ 27.
Kh1 Bh3 28. Rg1 Qh4 29. Qxe4 Qxf2 30. Be1 {Time forfeit} 1-0

[Event "Rated Blitz tournament otCBcYaD"]
[Site "?"]
[Date "2021.01.29"]
[Round "?"]
[White "Khalid_bin_Walid"]
[Black "percakupa"]
[Result "1/2-1/2"]
[WhiteElo "2430"]
[BlackElo "2249"]
[PlyCount "153"]
[EventDate "2021.??.??"]
[EventType "blitz"]

1. e4 e5 2. Nf3 d5 3. exd5 e4 4. Qe2 Nf6 5. d3 Bb4+ 6. Nbd2 O-O 7. dxe4 Nxe4 8.
c3 Nxd2 9. Qxd2 Bc5 10. Be2 Nd7 11. O-O Nf6 12. Bc4 Re8 13. Bb3 Bg4 14. Qf4 Re4
15. Qg5 h6 16. Qd2 Bxf3 17. gxf3 Rh4 18. Kg2 Bd6 19. Rh1 Nh5 20. Qd3 Bf4 21.
Kf1 Qf6 22. Bc2 g6 23. Be3 Re8 24. Bd4 Qd6 25. c4 Bxh2 26. Re1 Rxe1+ 27. Kxe1
Nf4 28. Qc3 Qe7+ 29. Kd1 Ne2 30. Qe3 Rxd4+ 31. Kxe2 Qxe3+ 32. fxe3 Rxc4 33. Be4
Rb4 34. b3 Be5 35. Rxh6 Kg7 36. Rh1 a5 37. Bc2 Rb5 38. f4 Bd6 39. Rd1 Rc5 40.
Be4 b5 41. Bb1 Rc3 42. Kf3 Bc5 43. Re1 f5 44. Kf2 a4 45. bxa4 bxa4 46. Re2 Rc4
47. Kf3 a3 48. Bc2 Rc3 49. Bb3 Rc1 50. Kf2 Kf6 51. Rc2 Rxc2+ 52. Bxc2 g5 53.
fxg5+ Kxg5 54. Kf3 Kf6 55. e4 fxe4+ 56. Kxe4 Bb4 57. Bb3 Bd6 58. Bc2 Ke7 59.
Bb3 Bb4 60. Ba4 Kd6 61. Kd4 Be1 62. Kc4 Bf2 63. Bc6 Bc5 64. Bb5 Bb6 65. Bc6 Ba5
66. Bb5 Bd2 67. Bc6 Bc1 68. Bb5 Ke5 69. Bc6 Kf4 70. Bb5 Ke3 71. Bc6 Kd2 72. Ba4
Bb2 73. Kc5 Kc1 74. Kc6 Be5 75. Bb3 Kb2 76. Kd7 Bd6 77. Kc6 {Normal} 1/2-1/2

[Event "Rated Blitz game"]
[Site "?"]
[Date "2021.01.29"]
[Round "?"]
[White "IMFAR"]
[Black "ange_de_la_mort"]
[Result "1-0"]
[WhiteElo "2593"]
[BlackElo "2306"]
[PlyCount "57"]
[EventDate "2021.??.??"]
[EventType "blitz"]

1. e4 e5 2. Nf3 d5 3. exd5 e4 4. Qe2 Qe7 5. Nd4 Nf6 6. Nc3 a6 7. d3 exd3 8.
Qxe7+ Bxe7 9. Bxd3 O-O 10. Bf4 Bb4 11. d6 cxd6 12. O-O-O Nc6 13. Nf5 Ne5 14.
Ne7+ Kh8 15. Ncd5 Nxd5 16. Nxd5 Bc5 17. Bg3 Be6 18. Nc7 Rac8 19. Nxe6 fxe6 20.
Bxe5 dxe5 21. f3 Be3+ 22. Kb1 Bf4 23. a4 Rc5 24. Be4 b5 25. axb5 axb5 26. Rd7
g6 27. h4 h5 28. Bxg6 Rg8 29. Rh7# {Normal} 1-0

[Event "Rated Blitz game"]
[Site "?"]
[Date "2021.01.29"]
[Round "?"]
[White "asabb"]
[Black "Dzon_Vejn"]
[Result "0-1"]
[WhiteElo "2334"]
[BlackElo "2482"]
[PlyCount "118"]
[EventDate "2021.??.??"]
[EventType "blitz"]

1. e4 e5 2. Nf3 d5 3. exd5 e4 4. Qe2 Nf6 5. d3 Qxd5 6. dxe4 Qxe4 7. Nc3 Bb4 8.
Bd2 Qxe2+ 9. Bxe2 Bf5 10. O-O-O c6 11. Nd4 Bg6 12. f4 O-O 13. f5 Bh5 14. Bxh5
Nxh5 15. g4 Nf6 16. g5 Bxc3 17. Bxc3 Ne4 18. Be1 Nxg5 19. h4 Ne4 20. Rg1 Na6
21. h5 h6 22. Bh4 Kh7 23. Rg4 Rae8 24. Rdg1 Rg8 25. Re1 Nd6 26. Reg1 c5 27. Nf3
Nxf5 28. Rf4 g6 29. Bf2 b6 30. Nh4 Nxh4 31. Rxf7+ Rg7 32. Rxg7+ Kxg7 33. Bxh4
g5 34. Bxg5 hxg5 35. Rxg5+ Kf7 36. Rd5 Re7 37. Kd2 Nc7 38. Rd8 Ne6 39. Ra8 Kg7
40. Kd3 Nf4+ 41. Kc4 Nxh5 42. Kb5 Nf6 43. a4 Nd5 44. Rd8 Nb4 45. c3 Nc2 46. b4
cxb4 47. cxb4 Ne3 48. Ka6 Nc4 49. a5 bxa5 50. bxa5 Kf7 51. Rd4 Ne5 52. Rb4 Nc6
53. Rb7 Ke6 54. Rxe7+ Kxe7 55. Kb7 Kd6 56. a6 Kd7 57. Ka8 Kd6 58. Kb7 Kc5 59.
Ka8 Kb5 {Time forfeit} 0-1

[Event "Rated Blitz game"]
[Site "?"]
[Date "2021.01.29"]
[Round "?"]
[White "General-Disarray"]
[Black "FTR_BBC"]
[Result "1-0"]
[WhiteElo "2490"]
[BlackElo "2384"]
[PlyCount "123"]
[EventDate "2021.??.??"]
[EventType "blitz"]

1. e4 e5 2. Nf3 d5 3. exd5 e4 4. Qe2 Be7 5. Qxe4 Nf6 6. Qa4+ Nbd7 7. Nc3 O-O 8.
Be2 Nb6 9. Qb3 a5 10. a4 Nfxd5 11. Nxd5 Nxd5 12. d4 Be6 13. O-O Nf4 14. Bc4
Ne2+ 15. Kh1 Nxc1 16. Raxc1 Bg4 17. Ne5 Bh5 18. c3 Bd6 19. Rce1 Bxe5 20. Rxe5
Bg6 21. f4 Kh8 22. f5 Bh5 23. f6 Bg6 24. fxg7+ Kxg7 25. Qd1 b6 26. Qf3 f6 27.
Re6 Bf7 28. Rxf6 Bxc4 29. Qg4+ Kh8 30. Rxf8+ Qxf8 31. Rxf8+ Rxf8 32. h4 Bd5 33.
Qd7 c6 34. Qd6 Rf1+ 35. Kh2 Rf2 36. Qd8+ Kg7 37. Qxb6 Rxg2+ 38. Kh3 h5 39. Qc7+
Kg6 40. Qd6+ Kf7 41. Qxd5+ cxd5 42. Kxg2 Kf6 43. Kf3 Kf5 44. b3 Kg6 45. Kf4 Kf6
46. c4 Ke6 47. Kg5 Kd6 48. Kf6 Kc6 49. Ke6 dxc4 50. bxc4 Kb6 51. d5 Kc7 52. Ke7
Kb6 53. d6 Kc5 54. d7 Kb4 55. d8=Q Kxa4 56. Qb8 Ka3 57. Kd6 a4 58. Kd5 Ka2 59.
Kd4 a3 60. Kc3 Ka1 61. Kc2 Ka2 62. Qb1# {Normal} 1-0

[Event "Rated Blitz game"]
[Site "?"]
[Date "2021.01.29"]
[Round "?"]
[White "Neurachess"]
[Black "Polyclinical"]
[Result "0-1"]
[WhiteElo "2567"]
[BlackElo "2776"]
[PlyCount "76"]
[EventDate "2021.??.??"]
[EventType "blitz"]

1. e4 e5 2. Nf3 d5 3. Nc3 d4 4. Ne2 Bd6 5. Ng3 Ne7 6. Bc4 O-O 7. Ng5 h6 8. h4
Ng6 9. d3 Nf4 10. Bxf4 exf4 11. Nf5 Bxf5 12. exf5 hxg5 13. hxg5 Qxg5 14. Qf3
Re8+ 15. Kf1 Nc6 16. Rh5 Qf6 17. Qh3 Kf8 18. Bd5 Ke7 19. a3 Kd7 20. b4 Re5 21.
Be4 Rae8 22. Qf3 Rxe4 23. dxe4 d3 24. Rc1 Qb2 25. Qd1 f3 26. cxd3 fxg2+ 27.
Kxg2 Nd4 28. Rc4 b5 29. Rc1 Ne2 30. Rc2 Nf4+ 31. Kf3 Qd4 32. Rh4 Rxe4 33. Rd2
Re8 34. Qb3 Qf6 35. Rxf4 Bxf4 36. Kxf4 Qh6+ 37. Kg3 Qg5+ 38. Kh2 Rh8# {Normal}
0-1

[Event "Rated Blitz game"]
[Site "?"]
[Date "2021.01.29"]
[Round "?"]
[White "Carlseng"]
[Black "pasha1984"]
[Result "1-0"]
[WhiteElo "2479"]
[BlackElo "2367"]
[PlyCount "73"]
[EventDate "2021.??.??"]
[EventType "blitz"]

1. e4 e5 2. Nf3 d5 3. exd5 e4 4. Qe2 Nf6 5. d3 Qxd5 6. Nbd2 Nc6 7. dxe4 Qh5 8.
Qc4 Be6 9. Qb5 O-O-O 10. Qxh5 Nxh5 11. a3 Nf6 12. Ng5 Re8 13. Nxe6 Rxe6 14. Bc4
Re7 15. O-O Nxe4 16. Nxe4 Rxe4 17. Bxf7 Bc5 18. Bd5 Re2 19. c3 Rf8 20. Bf3 Rc2
21. b4 Bb6 22. a4 Rxc3 23. b5 Nd4 24. Bg4+ Kb8 25. Bb2 Rc2 26. Ba3 Rf4 27. Bd1
Ne2+ 28. Kh1 Rd2 29. a5 Bd4 30. Bc1 Nxc1 31. Rxc1 Rdxf2 32. Rxf2 Rxf2 33. Bf3
b6 34. axb6 Bxb6 35. Rd1 a5 36. Rd8+ Ka7 37. Ra8# {Normal} 1-0

[Event "Rated Blitz game"]
[Site "?"]
[Date "2021.01.29"]
[Round "?"]
[White "Mischer86"]
[Black "pasha1984"]
[Result "1-0"]
[WhiteElo "2402"]
[BlackElo "2372"]
[PlyCount "39"]
[EventDate "2021.??.??"]
[EventType "blitz"]

1. e4 e5 2. Nf3 d5 3. Nxe5 dxe4 4. d4 Bd6 5. Nc4 Nc6 6. Nc3 Bb4 7. Be3 Nf6 8.
Be2 Nd5 9. O-O Bxc3 10. bxc3 Nxc3 11. Qd2 Nxe2+ 12. Qxe2 O-O 13. Rad1 Be6 14.
d5 Bxd5 15. Qg4 b5 16. Bg5 Be6 17. Qg3 f6 18. Rxd8 Bxc4 19. Rxa8 Rxa8 20. Bxf6
{Normal} 1-0

[Event "Rated Blitz game"]
[Site "?"]
[Date "2021.01.29"]
[Round "?"]
[White "Fivezero"]
[Black "Mettigel"]
[Result "0-1"]
[WhiteElo "2368"]
[BlackElo "2408"]
[PlyCount "106"]
[EventDate "2021.??.??"]
[EventType "blitz"]

1. e4 e5 2. Nf3 d5 3. exd5 e4 4. Qe2 Nf6 5. d3 Qxd5 6. dxe4 Qxe4 7. Nc3 Qxe2+
8. Bxe2 Bf5 9. Nd4 Bd7 10. Bf4 c6 11. O-O-O Bb4 12. Be5 O-O 13. Bxf6 gxf6 14.
Ne4 Be7 15. Rhe1 a6 16. Ng3 Bc5 17. Ngf5 Bxd4 18. Nxd4 c5 19. Nb3 b6 20. Bf3
Ra7 21. Re7 Rc7 22. Rd6 b5 23. c4 Kg7 24. Rb6 Rd8 25. Na5 Kg8 26. Nb7 Re8 27.
Rxe8+ Bxe8 28. Nd6 Nd7 29. Nxe8 Nxb6 30. Nxc7 Nxc4 31. Bb7 b4 32. Bxa6 Ne5 33.
Be2 Kf8 34. Na6 c4 35. Nxb4 Ke7 36. a4 Kd6 37. a5 Kc5 38. a6 Kb6 39. Kc2 h6 40.
Kc3 Ka7 41. Bxc4 Ng4 42. f3 Ne3 43. Kd4 Nxg2 44. Kc5 Nf4 45. Nc6+ Ka8 46. Kb6
f5 47. Nb4 h5 48. Bd5+ Nxd5+ 49. Nxd5 Kb8 50. a7+ Kc8 51. a8=Q+ Kd7 52. Qc6+
Kd8 53. Qf6+ Kd7 {Time forfeit} 0-1

[Event "Rated Blitz game"]
[Site "?"]
[Date "2021.01.29"]
[Round "?"]
[White "arnikka89"]
[Black "legato"]
[Result "0-1"]
[WhiteElo "2426"]
[BlackElo "2392"]
[PlyCount "48"]
[EventDate "2021.??.??"]
[EventType "blitz"]

1. e4 e5 2. Nf3 d5 3. Nxe5 Bd6 4. d4 dxe4 5. Nc4 Nf6 6. Nxd6+ cxd6 7. c4 O-O 8.
d5 Ng4 9. Be2 Ne5 10. O-O f5 11. Nd2 Nbd7 12. f4 exf3 13. Nxf3 Nxf3+ 14. gxf3
f4 15. b3 Ne5 16. Bb2 Bh3 17. Rf2 Qh4 18. Qd4 Rae8 19. Kh1 Rf6 20. Rg1 b6 21.
Bd1 Re7 22. b4 Rg6 23. c5 Rxg1+ 24. Kxg1 Nxf3+ {Normal} 0-1

[Event "Rated Blitz tournament TQLM0lkj"]
[Site "?"]
[Date "2021.01.29"]
[Round "?"]
[White "Muhammad_Al-Fatih"]
[Black "om_gendut"]
[Result "1-0"]
[WhiteElo "2485"]
[BlackElo "2334"]
[PlyCount "133"]
[EventDate "2021.??.??"]
[EventType "blitz"]

1. e4 e5 2. Nf3 d5 3. exd5 e4 4. Qe2 Be7 5. Qxe4 Nf6 6. Qa4+ Nbd7 7. d4 O-O 8.
Bd3 Nb6 9. Qb3 a5 10. a4 Nbxd5 11. c3 Bd6 12. O-O Bg4 13. Ne5 Bc8 14. Qc2 h6
15. Nd2 Re8 16. Ndc4 Bf8 17. Re1 c6 18. Ne3 Be6 19. Nf5 Qc7 20. Bd2 Rad8 21.
Ng3 Bd6 22. Rad1 Bc8 23. Nc4 Bf4 24. Bxf4 Nxf4 25. Bf5 N4d5 26. Bxc8 Rxc8 27.
Qf5 b6 28. h3 Rcd8 29. Ne5 Re6 30. Ne4 Nxe4 31. Rxe4 Rde8 32. Rde1 Nf6 33. R4e3
Nd5 34. Re4 Nf6 35. R4e2 Nd5 36. Qf3 Nf6 37. Nd3 Rxe2 38. Rxe2 Rxe2 39. Qxe2
Qd6 40. Qe5 Qd8 41. f3 Nd5 42. Nf4 Nxf4 43. Qxf4 b5 44. Qe5 bxa4 45. Qc5 Qb8
46. Qa3 Qb5 47. Kf2 Qc4 48. Ke3 Qb5 49. g4 g6 50. h4 Kg7 51. Kd2 Kh7 52. Qa2
Kg7 53. Ke3 Qc4 54. Qxc4 a3 55. Qa2 axb2 56. Qxb2 a4 57. Qa3 c5 58. c4 cxd4+
59. Kxd4 Kf6 60. c5 g5 61. c6 gxh4 62. c7 Kg5 63. c8=Q h3 64. Qf5+ Kh4 65. Qh5+
Kg3 66. f4+ Kg2 67. Qhxh3+ {Normal} 1-0

[Event "Rated Blitz tournament 4uhYCzRW"]
[Site "?"]
[Date "2021.01.29"]
[Round "?"]
[White "Saparmyrat"]
[Black "Bis_Kecil_BKD"]
[Result "1/2-1/2"]
[WhiteElo "2613"]
[BlackElo "2400"]
[PlyCount "87"]
[EventDate "2021.??.??"]
[EventType "blitz"]

1. e4 e5 2. Nf3 d5 3. Nxe5 dxe4 4. d4 Bd7 5. Nc3 Nc6 6. Nxd7 Qxd7 7. Bb5 a6 8.
Ba4 b5 9. Bb3 Qxd4 10. Qe2 Nf6 11. Bg5 Bb4 12. O-O Bxc3 13. bxc3 Qxc3 14. Bxf6
Qxf6 15. Qxe4+ Kf8 16. Rfe1 Rd8 17. Rad1 g6 18. Rxd8+ Nxd8 19. g3 Kg7 20. Re3
Ne6 21. Bxe6 Re8 22. Rf3 Qxe6 23. Qd4+ Kg8 24. Re3 Qc6 25. Rxe8+ Qxe8 26. Qc5
Qe1+ 27. Kg2 Qe4+ 28. Kg1 Qe1+ 29. Kg2 Qe4+ 30. Kg1 Qb7 31. h4 h5 32. Qe7 Qc6
33. Qd8+ Kh7 34. Qf8 Qc4 35. a3 a5 36. Qe7 b4 37. axb4 axb4 38. Qf8 c5 39. Qe7
Qd5 40. Qf8 Qd1+ 41. Kg2 Qd5+ 42. Kg1 Qf5 43. Kg2 Qd5+ 44. Kg1 {Normal} 1/2-1/2

[Event "Rated Blitz game"]
[Site "?"]
[Date "2021.01.29"]
[Round "?"]
[White "dedaluz"]
[Black "Fantastic_power06"]
[Result "0-1"]
[WhiteElo "2474"]
[BlackElo "2590"]
[PlyCount "120"]
[EventDate "2021.??.??"]
[EventType "blitz"]

1. e4 e5 2. Nf3 d5 3. exd5 e4 4. Qe2 Nf6 5. d3 Qxd5 6. Nbd2 Nc6 7. dxe4 Qc5 8.
Nb3 Qb4+ 9. Nfd2 Bg4 10. f3 Be6 11. c3 Qb6 12. Nc4 Bxc4 13. Qxc4 O-O-O 14. Qe2
Ne5 15. Be3 Qe6 16. Rd1 Be7 17. Bxa7 Rxd1+ 18. Kxd1 Rd8+ 19. Kc2 Nd3 20. Bd4
Nf4 21. Qe3 g5 22. g3 Ng6 23. Nd2 Ne5 24. Be2 Nc6 25. Bc4 Nxd4+ 26. cxd4 Qb6
27. Nb3 g4 28. f4 Qc6 29. Kd3 Bc5 30. Rc1 Ba7 31. Rc3 Kb8 32. e5 Nd5 33. Bxd5
Qxd5 34. Rc4 Qg2 35. Qd2 Qf1+ 36. Kc3 Qf3+ 37. Kb4 h5 38. Qc3 Qd5 39. Rxc7 Bb6
40. Rc5 Bxc5+ 41. Nxc5 Rc8 42. Qc4 Qxc4+ 43. Kxc4 b6 44. b4 bxc5 45. bxc5 Kc7
46. d5 Ra8 47. Kb3 Ra5 48. Kc4 Rxa2 49. f5 Rc2+ 50. Kd4 Rd2+ 51. Ke4 Rd1 52. f6
Re1+ 53. Kf4 Rd1 54. e6 fxe6 55. dxe6 Rf1+ 56. Kg5 Kc6 57. e7 Kd7 58. Kg6 h4
59. c6+ Ke8 60. c7 Kd7 {Time forfeit} 0-1

[Event "Rated Blitz game"]
[Site "?"]
[Date "2021.01.29"]
[Round "?"]
[White "Chessibague"]
[Black "Fantastic_power06"]
[Result "1-0"]
[WhiteElo "2483"]
[BlackElo "2587"]
[PlyCount "127"]
[EventDate "2021.??.??"]
[EventType "blitz"]

1. e4 e5 2. Nf3 d5 3. d4 dxe4 4. Nxe5 Bd6 5. Bc4 Bxe5 6. Qh5 Qe7 7. Qxe5 Qxe5
8. dxe5 Nc6 9. Bf4 Nge7 10. Nc3 Ng6 11. Bg3 Bf5 12. Bb5 O-O-O 13. Bxc6 bxc6 14.
O-O h5 15. h3 Rhe8 16. Rfe1 Nxe5 17. Nxe4 Nc4 18. Nc5 g5 19. b3 Nd6 20. c4 h4
21. Be5 Nb7 22. Na6 g4 23. hxg4 Bxg4 24. Bf6 Rxe1+ 25. Rxe1 Rg8 26. Bxh4 Bh3
27. Bg3 Be6 28. Nxc7 Bd7 29. Na6 Nd8 30. Nc5 Ne6 31. Nxd7 Kxd7 32. Rd1+ Kc8 33.
Rd6 Nd8 34. Bh4 Nb7 35. Rxc6+ Kd7 36. Ra6 Nc5 37. Rxa7+ Ke6 38. Re7+ Kf5 39.
Rxf7+ Ke4 40. Rf3 Ne6 41. Re3+ Kf5 42. f3 Nf4 43. g4+ Kg6 44. Bg3 Nh3+ 45. Kg2
Ng5 46. f4 Nf7 47. Re6+ Kh7 48. Kf3 Rd8 49. Ke3 Ra8 50. g5 Kg8 51. g6 Nh6 52.
Ke4 Rxa2 53. f5 Ra1 54. Be5 Re1+ 55. Kd5 Rd1+ 56. Kc5 Rd8 57. f6 Rc8+ 58. Kd6
Ra8 59. f7+ Kf8 60. Re8+ Rxe8 61. fxe8=Q+ Kxe8 62. b4 Nf5+ 63. Ke6 Ne3 64. g7 {
Normal} 1-0

[Event "Rated Blitz game"]
[Site "?"]
[Date "2021.01.29"]
[Round "?"]
[White "Efafi"]
[Black "Fantastic_power06"]
[Result "0-1"]
[WhiteElo "2417"]
[BlackElo "2581"]
[PlyCount "68"]
[EventDate "2021.??.??"]
[EventType "blitz"]

1. e4 e5 2. Nf3 d5 3. Nxe5 Bd6 4. d4 dxe4 5. Nc3 Bxe5 6. dxe5 Qxd1+ 7. Kxd1 Nc6
8. Nxe4 Bf5 9. Ng3 O-O-O+ 10. Bd2 Bg6 11. f4 Nge7 12. Bb5 Bxc2+ 13. Kxc2 Nd4+
14. Kc1 Nxb5 15. Re1 h5 16. Ne4 Nf5 17. a4 Nbd4 18. Ra3 Kb8 19. Bc3 Ne6 20. g3
h4 21. g4 Nh6 22. f5 Nf4 23. Kc2 Nxg4 24. Rg1 Nxh2 25. Rxg7 h3 26. e6 Nf3 27.
e7 Rc8 28. Rxf7 h2 29. Ra1 Ng1 30. Bxh8 h1=Q 31. Ng5 Qxh8 32. f6 Nge2 33. Nh7
Nd4+ 34. Kc3 Nc6 {Time forfeit} 0-1

[Event "Rated Blitz game"]
[Site "?"]
[Date "2021.01.28"]
[Round "?"]
[White "pesedado"]
[Black "RJF72"]
[Result "1-0"]
[WhiteElo "2426"]
[BlackElo "2298"]
[PlyCount "73"]
[EventDate "2021.??.??"]
[EventType "blitz"]

1. e4 e5 2. Nf3 d5 3. exd5 Bd6 4. Nc3 Nf6 5. d3 h6 6. h3 O-O 7. g3 Bf5 8. Bg2
Bb4 9. Nxe5 Nxd5 10. Bd2 Nxc3 11. bxc3 Bd6 12. Nf3 Re8+ 13. Kf1 Nc6 14. Kg1 Qd7
15. Kh2 Re7 16. Re1 Rxe1 17. Qxe1 Re8 18. Qf1 Ne5 19. Re1 c6 20. Nxe5 Rxe5 21.
Rxe5 Bxe5 22. Qe2 Qd6 23. f4 Bf6 24. g4 Bd7 25. Qe4 Be6 26. a4 Bd5 27. Qe8+ Kh7
28. Bxd5 Qxd5 29. Qe4+ Qxe4 30. dxe4 g6 31. Kg3 Kg7 32. Kf3 Kf8 33. Ke3 Ke7 34.
Kd3 Kd7 35. Be3 a6 36. Bd4 b6 37. Bxf6 {Normal} 1-0

[Event "Rated Blitz game"]
[Site "?"]
[Date "2021.01.28"]
[Round "?"]
[White "ice2breaker"]
[Black "Stoichess"]
[Result "1-0"]
[WhiteElo "2743"]
[BlackElo "2585"]
[PlyCount "39"]
[EventDate "2021.??.??"]
[EventType "blitz"]

1. e4 e5 2. Nf3 d5 3. exd5 Bd6 4. Nc3 Nf6 5. Bc4 O-O 6. d3 Bg4 7. h3 Bh5 8. g4
Bg6 9. Nh4 c6 10. Nxg6 hxg6 11. Bg5 Be7 12. Bxf6 Bxf6 13. h4 Bxh4 14. Qf3 Bg5
15. Ne4 Bh6 16. d6 Nd7 17. Ke2 b5 18. Bb3 c5 19. g5 Bxg5 20. Rag1 {Normal} 1-0

[Event "Rated Blitz game"]
[Site "?"]
[Date "2021.01.28"]
[Round "?"]
[White "mrios"]
[Black "Tayota"]
[Result "1-0"]
[WhiteElo "2451"]
[BlackElo "2388"]
[PlyCount "57"]
[EventDate "2021.??.??"]
[EventType "blitz"]

1. e4 e5 2. Nf3 d5 3. Nxe5 Qe7 4. d4 f6 5. Nd3 Nc6 6. c3 Bf5 7. Be2 Bxe4 8. O-O
Qf7 9. f3 Bf5 10. b4 Bd6 11. Nc5 Bxc5 12. bxc5 Nge7 13. Bf4 Rc8 14. Bd3 O-O 15.
Qc2 Bxd3 16. Qxd3 Ng6 17. Bg3 Rfe8 18. Nd2 a6 19. Rfe1 Qd7 20. Rab1 Na5 21. Kf2
Qa4 22. Rxe8+ Rxe8 23. Bxc7 Qxa2 24. Re1 Rxe1 25. Kxe1 Nb3 26. Nxb3 Qxb3 27.
Kf2 Qb2+ 28. Kg3 Qxg2+ 29. Kxg2 {Normal} 1-0

[Event "Rated Blitz game"]
[Site "?"]
[Date "2021.01.28"]
[Round "?"]
[White "chessforthemasses"]
[Black "ozZJHoNZzo"]
[Result "1-0"]
[WhiteElo "2421"]
[BlackElo "2321"]
[PlyCount "47"]
[EventDate "2021.??.??"]
[EventType "blitz"]

1. e4 e5 2. Nf3 d5 3. exd5 e4 4. Qe2 Nf6 5. Nc3 Be7 6. Nxe4 O-O 7. Nxf6+ Bxf6
8. Qc4 b6 9. Qb3 Re8+ 10. Kd1 Qe7 11. Bb5 Rd8 12. Re1 Qc5 13. Re3 Bg4 14. Be2
Nd7 15. c3 Qd6 16. d4 Bxf3 17. Bxf3 Qxh2 18. Qb5 Qg1+ 19. Re1 Qxf2 20. Qe2 Qg3
21. Qe4 Bh4 22. Re2 Nf6 23. Qf4 Qh2 24. Qxh2 {Normal} 1-0

[Event "Rated Blitz tournament gRoCPZIt"]
[Site "?"]
[Date "2021.01.28"]
[Round "?"]
[White "gameoverbro"]
[Black "Maltinho"]
[Result "1/2-1/2"]
[WhiteElo "2532"]
[BlackElo "2605"]
[PlyCount "91"]
[EventDate "2021.??.??"]
[EventType "blitz"]

1. e4 e5 2. Nf3 d5 3. Nc3 d4 4. Ne2 Bd6 5. Ng3 h5 6. h4 Bg4 7. Bc4 Nd7 8. d3
Nb6 9. Bb3 f6 10. Nf5 Qd7 11. Nxd6+ Qxd6 12. a4 Nd7 13. Bd2 Ne7 14. Qb1 Be6 15.
Qa2 Bxb3 16. Qxb3 Nc5 17. Qa3 a5 18. b4 axb4 19. Bxb4 b6 20. Bxc5 bxc5 21. Nd2
O-O 22. Nc4 Qc6 23. a5 Kh7 24. Qa4 Qe6 25. f3 Ng6 26. a6 f5 27. Qb5 fxe4 28.
dxe4 Nf4 29. g3 Ng6 30. Ke2 Rfb8 31. Qxc5 Rxa6 32. Rxa6 Qxa6 33. Kd2 Re8 34.
Rb1 Re6 35. Qb5 Qa2 36. Qb3 Qa7 37. Qb8 Qc5 38. Qb5 Qa7 39. Qb7 Qc5 40. Kd3 Rc6
41. Qb5 Qxb5 42. Rxb5 Rf6 43. Ke2 Rc6 44. Kd3 Rf6 45. Nd2 Rc6 46. Nc4 {Normal}
1/2-1/2

[Event "Rated Blitz tournament dCwnlW8Y"]
[Site "?"]
[Date "2021.01.28"]
[Round "?"]
[White "Muhammad_Al-Fatih"]
[Black "om_gendut"]
[Result "1-0"]
[WhiteElo "2472"]
[BlackElo "2369"]
[PlyCount "115"]
[EventDate "2021.??.??"]
[EventType "blitz"]

1. e4 e5 2. Nf3 d5 3. exd5 e4 4. Qe2 Be7 5. Qxe4 Nf6 6. Qa4+ Nbd7 7. d4 O-O 8.
Nc3 Nb6 9. Qb3 Nbxd5 10. Nxd5 Nxd5 11. c4 Nb6 12. Be3 a5 13. a3 Bf5 14. Bd3 a4
15. Qc2 Bxd3 16. Qxd3 Bf6 17. O-O Re8 18. Rac1 Nd7 19. Rfd1 Nf8 20. Re1 Ng6 21.
h3 Qd7 22. Rcd1 Re7 23. Bd2 Rae8 24. Rxe7 Qxe7 25. Re1 Qd7 26. Rxe8+ Qxe8 27.
Be3 Qd7 28. Qe4 c6 29. Qc2 h6 30. Qxa4 Ne7 31. Qc2 Nf5 32. Qe4 Nd6 33. Qd3 Nf5
34. g4 Nd6 35. Kg2 b5 36. b3 Qb7 37. c5 Nc8 38. Bf4 Ne7 39. Be5 Nd5 40. Qf5
Bxe5 41. Nxe5 Nf6 42. a4 bxa4 43. bxa4 Qa6 44. h4 Qxa4 45. g5 hxg5 46. hxg5
Qxd4 47. gxf6 Qd5+ 48. Kg3 Qxc5 49. fxg7 Qc3+ 50. Nf3 Kxg7 51. Qg5+ Kf8 52. Qf4
Qg7+ 53. Qg4 Qf6 54. Qc8+ Kg7 55. Qg4+ Qg6 56. Ng5 f6 57. Ne6+ Kg8 58. Qxg6+ {
Time forfeit} 1-0

[Event "Rated Blitz tournament MwjWNGOM"]
[Site "?"]
[Date "2021.01.28"]
[Round "?"]
[White "Arianko"]
[Black "Herabi"]
[Result "0-1"]
[WhiteElo "2431"]
[BlackElo "2348"]
[PlyCount "70"]
[EventDate "2021.??.??"]
[EventType "blitz"]

1. e4 e5 2. Nf3 d5 3. exd5 e4 4. Qe2 Nf6 5. c4 Be7 6. Nd4 O-O 7. Nc3 c6 8. d3
cxd5 9. dxe4 dxe4 10. Be3 Nc6 11. O-O-O Qa5 12. Nb3 Qe5 13. h3 a5 14. Nd5 a4
15. Nxe7+ Qxe7 16. Nd4 a3 17. b3 Qe5 18. Qc2 Rd8 19. Nxc6 Qa1+ 20. Qb1 Rxd1+
21. Kxd1 Qxb1+ 22. Ke2 Qc2+ 23. Bd2 bxc6 24. g4 Nxg4 25. Bg2 Nxf2 26. Rc1 Qb2
27. Ke3 Bxh3 28. Bh1 Rd8 29. Rc3 Nd1+ 30. Kxe4 Nxc3+ 31. Kf4 Qxd2+ 32. Kg3 Qg5+
33. Kh2 Rd2+ 34. Kxh3 Rd3+ 35. Kh2 Qg3# {Normal} 0-1

[Event "Rated Blitz game"]
[Site "?"]
[Date "2021.01.28"]
[Round "?"]
[White "Starazagora"]
[Black "Norealtrainingplayer"]
[Result "1-0"]
[WhiteElo "2421"]
[BlackElo "2473"]
[PlyCount "73"]
[EventDate "2021.??.??"]
[EventType "blitz"]

1. e4 e5 2. Nf3 d5 3. exd5 e4 4. Ne5 Qxd5 5. d4 exd3 6. Nxd3 Nc6 7. Nc3 Qa5 8.
Bd2 Bf5 9. Be2 O-O-O 10. O-O h5 11. a3 Nd4 12. b4 Qb6 13. Be3 Nxe2+ 14. Qxe2
Qg6 15. Nc5 Bxc5 16. bxc5 Nf6 17. c6 Nd5 18. Nxd5 Rxd5 19. Rab1 Qxc6 20. Rb2
Rhd8 21. Rfb1 g5 22. h3 g4 23. hxg4 hxg4 24. Rxb7 Qxb7 25. Rxb7 Kxb7 26. Kh2
R8d6 27. Kg3 a6 28. c4 Rd3 29. Qb2+ Kc6 30. Qe5 Be6 31. Qc5+ Kd7 32. Qb4 f5 33.
c5 Rc6 34. Qf4 Rxa3 35. Qh6 Rxc5 36. Qg7+ Kd6 37. Qf8+ {Normal} 1-0

[Event "Rated Blitz game"]
[Site "?"]
[Date "2021.01.28"]
[Round "?"]
[White "Ted-Shpati_007"]
[Black "Terizlong"]
[Result "1-0"]
[WhiteElo "2435"]
[BlackElo "2354"]
[PlyCount "51"]
[EventDate "2021.??.??"]
[EventType "blitz"]

1. e4 e5 2. Nf3 d5 3. exd5 Bd6 4. d4 e4 5. Qe2 Nf6 6. Nc3 O-O 7. Ng5 Re8 8. Be3
h6 9. Nh3 Bf5 10. O-O-O a6 11. Qd2 Nbd7 12. Nf4 b5 13. h3 b4 14. Na4 Bxf4 15.
Bxf4 Nxd5 16. g4 Bg6 17. Bg2 N7f6 18. Nc5 Nxf4 19. Qxf4 Qd5 20. Kb1 c6 21. h4
a5 22. g5 Nh5 23. Qg4 Qd6 24. gxh6 f5 25. Qg5 Qf4 26. Qxg6 {Normal} 1-0

[Event "Rated Blitz game"]
[Site "?"]
[Date "2021.01.28"]
[Round "?"]
[White "Shaginyan_A"]
[Black "Tayota"]
[Result "1-0"]
[WhiteElo "2400"]
[BlackElo "2324"]
[PlyCount "55"]
[EventDate "2021.??.??"]
[EventType "blitz"]

1. e4 e5 2. Nf3 d5 3. Nxe5 Qe7 4. d4 f6 5. Nd3 b6 6. Be3 Bb7 7. exd5 Bxd5 8.
Nc3 Bb7 9. Be2 Nd7 10. Bf3 c6 11. Qe2 f5 12. O-O-O Ngf6 13. Rhe1 Ne4 14. Bf4
Ndf6 15. Nxe4 fxe4 16. Bxe4 Nxe4 17. Qxe4 Qxe4 18. Rxe4+ Kd7 19. f3 Bd6 20.
Bxd6 Kxd6 21. Rde1 Rad8 22. Re7 Ba6 23. Nb4 Bc4 24. b3 Bd5 25. Nxd5 Kxd5 26. c3
c5 27. R7e6 cxd4 28. R1e5# {Normal} 1-0